[Event "17th Africa-ch"]
[Site "Lagos NGR"]
[Date "2022.09.24"]
[Round "6"]
[White "Barcon, Harmon"]
[Black "Amako, Marc Arnold"]
[Result "1/2-1/2"]
[WhiteElo "1951"]
[BlackElo "1555"]
[EventDate "2022.09.18"]
[PlyCount "150"]

1.e4 c5 2.Nf3 Nc6 3.d4 cxd4 4.Nxd4 Nf6 5.Nc3 e5 6.Ndb5 d6 7.Nd5 Nxd5 8.
exd5 Nb8 9.c4 a6 10.Nc3 Be7 11.Be3 O-O 12.Be2 f5 13.O-O Nd7 14.f3 Bg5 15.
Bf2 b6 16.b4 Bb7 17.Qb3 Rb8 18.a4 a5 19.bxa5 bxa5 20.Nb5 f4 21.Qa3 Be7 22.
Rfd1 Nc5 23.Bxc5 dxc5 24.d6 Bf6 25.Rab1 e4 26.Qxc5 exf3 27.Bxf3 Bxf3 28.
gxf3 Qe8 29.Qd5+ Kh8 30.Re1 Qg6+ 31.Kh1 Rbe8 32.d7 Re5 33.Qd6 Rd8 34.Rbd1 
Qh5 35.Qd3 Rxd7 36.Rxe5 Rxd3 37.Rxh5 Rxd1+ 38.Kg2 g5 39.h4 Rd2+ 40.Kh3 Kg7
41.hxg5 Kg6 42.Rh6+ Kxg5 43.Rxh7 Rf2 44.c5 Rxf3+ 45.Kg2 Rg3+ 46.Kf2 Rb3 
47.c6 Rb2+ 48.Kf1 Rc2 49.c7 Be5 50.Rd7 Rc4 51.Ke2 Bxc7 52.Rxc7 Rxa4 53.Kf3
Rb4 54.Rc5+ Kg6 55.Nd6 a4 56.Ra5 Rb3+ 57.Kxf4 a3 58.Ne4 Kf7 59.Kf5 Rf3+ 
60.Ke5 Re3 61.Ra6 Re2 62.Rxa3 Re1 63.Ra6 Re2 64.Kf5 Rb2 65.Ra7+ Kf8 66.Ke6
Rb6+ 67.Nd6 Rb1 68.Kf6 Rf1+ 69.Ke5 Re1+ 70.Ne4 Ke8 71.Rb7 Kf8 72.Kf5 Rf1+ 
73.Ke6 Re1 74.Ke5 Ke8 75.Ra7 Kf8 1/2-1/2

[Event "17th Africa-ch"]
[Site "Lagos NGR"]
[Date "2022.09.24"]
[Round "6"]
[White "Lesbros, Bernard"]
[Black "Kpan Deckalet, Mario Prosper"]
[Result "1-0"]
[WhiteElo "1884"]
[BlackElo "1591"]
[EventDate "2022.09.18"]
[PlyCount "130"]

1.Nf3 Nf6 2.c4 g6 3.Nc3 Bg7 4.g3 O-O 5.Bg2 d6 6.d4 Nbd7 7.O-O a5 8.e4 e5 
9.Re1 exd4 10.Nxd4 Ne5 11.b3 Ned7 12.Bb2 Re8 13.Qc2 Nc5 14.h3 c6 15.Rad1 
Qc7 16.Ba3 Nfd7 17.Qd2 Ne5 18.Ndb5 cxb5 19.Nxb5 Qc6 20.Qxd6 Na6 21.f4 Nd7 
22.e5 Qb6+ 23.Qxb6 Nxb6 24.c5 Bf8 25.cxb6 Bxa3 26.Nxa3 a4 27.Nb5 axb3 28.
axb3 Kg7 29.Nd6 Re7 30.Rc1 Be6 31.Bxb7 Rb8 32.Bxa6 Rxb6 33.Bc4 Bxh3 34.Ra1
h5 35.Ra8 Rxd6 36.exd6 Rxe1+ 37.Kf2 Rd1 38.Ra7 Rxd6 39.Rxf7+ Kh6 40.Ke3 
Bf5 41.Re7 Rd1 42.Re5 Rg1 43.Kf2 Rb1 44.Re3 Kg7 45.Re1 Rb2+ 46.Ke3 Rg2 47.
Kf3 Rb2 48.Rc1 Kf6 49.Rc3 g5 50.fxg5+ Kxg5 51.Ke3 h4 52.gxh4+ Kxh4 53.Kd4 
Bc2 54.Re3 Bxb3 55.Bxb3 Rf2 56.Be6 Kg5 57.Ke5 Rg2 58.Bf5 Rg1 59.Be4 Rg4 
60.Rf3 Rg1 61.Rf8 Kh6 62.Rf7 Rg7 63.Rf6+ Kh5 64.Kf4 Rg4+ 65.Kf3 Rg1 1-0

[Event "17th Africa-ch"]
[Site "Lagos NGR"]
[Date "2022.09.24"]
[Round "6"]
[White "Ebosse, Kingue Victor Patrick"]
[Black "Chimthere, Alfred Charles"]
[Result "1-0"]
[WhiteElo "2075"]
[BlackElo "2027"]
[EventDate "2022.09.18"]
[PlyCount "139"]

1.e4 c6 2.d4 d5 3.e5 Bf5 4.h4 h5 5.Bg5 Qb6 6.Bd3 Bd7 7.Ne2 Na6 8.c3 Nc7 9.
Nd2 Ne6 10.b4 g6 11.a4 Bg7 12.a5 Qc7 13.Be3 Nh6 14.Qc2 Ng4 15.Nf4 Nxe3 16.
fxe3 Bxe5 17.dxe5 Qxe5 18.O-O-O Nxf4 19.exf4 Qxf4 20.Kb2 O-O 21.Rdf1 Qh6 
22.Nf3 b6 23.axb6 axb6 24.Ra1 c5 25.Rxa8 Rxa8 26.Ra1 Rxa1 27.Kxa1 Qg7 28.
bxc5 bxc5 29.Qb2 Qf6 30.Qb8+ Kg7 31.Kb2 Qd6 32.Qxd6 exd6 33.Kc2 Bg4 34.Be2
f6 35.Kd2 Kh6 36.Ke3 g5 37.g3 Kg6 38.Ba6 Be6 39.Bd3+ Bf5 40.Bb5 Kh6 41.Bc6
Be6 42.Be8 Bg8 43.Nd2 Be6 44.Nb1 f5 45.Nd2 f4+ 46.gxf4 gxh4 47.Nf3 h3 48.
Kf2 Bf5 49.Kg3 Be4 50.Bd7 h2 51.Nxh2 d4 52.cxd4 c4 53.Kf2 c3 54.Ke3 Kg7 
55.Be8 Kf6 56.Bd7 Ke7 57.Bh3 Kf6 58.Nf1 h4 59.Ke2 Bf5 60.Bg2 h3 61.Bh1 Bg6
62.Ne3 Ke7 63.Nd5+ Ke6 64.Nxc3 Bh5+ 65.Ke3 h2 66.Ne4 Be8 67.f5+ Ke7 68.Kf4
Bc6 69.Kg5 Bd5 70.Kg6 1-0

[Event "17th Africa-ch"]
[Site "Lagos NGR"]
[Date "2022.09.24"]
[Round "6"]
[White "Mahamat, Hachim Bachar"]
[Black "Botsoe, Koffi"]
[Result "1-0"]
[WhiteElo "1815"]
[BlackElo "1629"]
[EventDate "2022.09.18"]
[PlyCount "83"]

1.Nf3 c5 2.e4 Nc6 3.Bc4 e6 4.Nc3 d6 5.d4 cxd4 6.Nxd4 Nf6 7.Be3 Be7 8.Bb3 
Qa5 9.Qd2 Bd7 10.f3 O-O 11.O-O-O a6 12.Kb1 Rac8 13.g4 b5 14.g5 b4 15.Nxc6 
Rxc6 16.Ne2 Ne8 17.Nd4 Rc8 18.h4 Ba4 19.h5 Bxb3 20.Nxb3 Qb5 21.Nd4 Qb7 22.
g6 e5 23.Nf5 fxg6 24.hxg6 hxg6 25.Qd5+ Qxd5 26.Nxe7+ Kf7 27.Nxd5 a5 28.Bb6
Ra8 29.Nc7 Nxc7 30.Bxc7 Ra6 31.Rxd6 Rxd6 32.Bxd6 Re8 33.Rd1 Rd8 34.Rd5 Ke6
35.Bc7 Rxd5 36.exd5+ Kxd5 37.Bxa5 Ke6 38.Bxb4 Kf5 39.Bd2 g5 40.a4 g4 41.
fxg4+ Kxg4 42.a5 1-0

[Event "17th Africa-ch"]
[Site "Lagos NGR"]
[Date "2022.09.24"]
[Round "6"]
[White "Wallace, O. Williams"]
[Black "Fomevor, Cephas Clinton"]
[Result "1-0"]
[WhiteElo "1725"]
[BlackElo "1803"]
[EventDate "2022.09.18"]
[PlyCount "71"]

1.e4 c6 2.Nf3 d5 3.exd5 cxd5 4.d4 Nc6 5.c3 Nf6 6.Bd3 Bg4 7.Bf4 e6 8.Nbd2 
Bd6 9.Bg5 Rc8 10.a3 a6 11.Qc2 Qc7 12.Rc1 Bh5 13.Bxf6 gxf6 14.g3 Bg6 15.Nb3
b5 16.Nc5 Bh5 17.Nh4 Bxc5 18.dxc5 Bg6 19.b4 Bxd3 20.Qxd3 Ne5 21.Qd4 Ke7 
22.f4 Nc4 23.Ra1 a5 24.Kf2 Ra8 25.Rhe1 Qd8 26.Nf5+ Kd7 27.Ne3 Kc6 28.Nxc4 
dxc4 29.Qe4+ Kc7 30.Red1 Qe8 31.Rd6 axb4 32.Rb6 Ra7 33.axb4 Qa8 34.Rxa7+ 
Qxa7 35.Qc6+ Kd8 36.Qd6+ 1-0

[Event "17th Africa-ch"]
[Site "Lagos NGR"]
[Date "2022.09.25"]
[Round "7"]
[White "Eyetonghan, Denyefa Callistus"]
[Black "Adly, Ahmed"]
[Result "0-1"]
[WhiteElo "2079"]
[BlackElo "2578"]
[EventDate "2022.09.18"]
[PlyCount "120"]

1.d4 Nf6 2.c4 e6 3.Nc3 Bb4 4.Qc2 c5 5.dxc5 O-O 6.a3 Bxc5 7.Nf3 Nc6 8.Bg5 
Nd4 9.Nxd4 Bxd4 10.e3 Qa5 11.exd4 Qxg5 12.Qd2 h6 13.f3 b6 14.b4 Bb7 15.Bd3
Rfc8 16.h4 Qg3+ 17.Qf2 Qb8 18.O-O Ba6 19.b5 Bb7 20.Rfc1 Qd6 21.Bf1 e5 22.
d5 Nh5 23.Re1 f5 24.Qe3 Ng3 25.Qxe5 Qc5+ 26.Qe3 Nxf1 27.Qxc5 Rxc5 28.Kxf1 
Rxc4 29.Ne2 Bxd5 30.Rad1 Be6 31.Nd4 Kf7 32.Re3 Kf6 33.Kf2 Rac8 34.Rdd3 Ra4
35.g3 Bc4 36.Rc3 Rc5 37.Re1 Rd5 38.Ke3 Re5+ 39.Kf2 Rxe1 40.Kxe1 Ke5 41.Nc2
Bxb5 42.f4+ Kd6 43.Ne3 Ke6 44.Nc2 Bc6 45.Nb4 Be4 46.Kd2 d5 47.Rc6+ Kd7 48.
Rg6 d4 49.Rxg7+ Kd6 50.Nd3 Rxa3 51.Ne5 Ra2+ 52.Kc1 b5 53.h5 b4 54.Rd7+ Kc5
55.Rc7+ Kb5 56.Rc8 b3 57.Rb8+ Ka4 58.Nd7 Rc2+ 59.Kd1 Bf3+ 60.Ke1 d3 0-1

[Event "17th Africa-ch"]
[Site "Lagos NGR"]
[Date "2022.09.25"]
[Round "7"]
[White "Silva, David"]
[Black "Amin, Bassem"]
[Result "0-1"]
[WhiteElo "2315"]
[BlackElo "2663"]
[EventDate "2022.09.18"]
[PlyCount "73"]

1.e4 e5 2.Nf3 Nc6 3.Bb5 a6 4.Ba4 Nf6 5.d4 exd4 6.O-O Be7 7.e5 Ne4 8.Nxd4 
O-O 9.Nf5 d5 10.exd6 Bxf5 11.dxe7 Nxe7 12.Nd2 Nc5 13.Bb3 Nxb3 14.cxb3 Nc6 
15.Nc4 Qf6 16.Qh5 h6 17.Bd2 Bg6 18.Qg4 Rad8 19.Bc3 Nd4 20.Rfe1 c5 21.Ne5 
h5 22.Qg3 h4 23.Qg4 Bf5 24.Qf4 h3 25.g4 Bc8 26.Qg3 Rfe8 27.Bxd4 Rxd4 28.g5
Qf5 29.g6 fxg6 30.Nxg6 Rde4 31.Rxe4 Rxe4 32.f3 Re6 33.Nh4 Qf6 34.Rd1 Re8 
35.Qg6 Qe7 36.Qg3 Qe2 37.Ra1 0-1

[Event "17th Africa-ch"]
[Site "Lagos NGR"]
[Date "2022.09.25"]
[Round "7"]
[White "Oragwu, Chukwunonso"]
[Black "Hesham, Abdelrahman"]
[Result "0-1"]
[WhiteElo "2248"]
[BlackElo "2374"]
[EventDate "2022.09.18"]
[PlyCount "138"]

1.e4 c5 2.Nf3 d6 3.d4 cxd4 4.Nxd4 Nf6 5.Nc3 a6 6.Bd3 g6 7.Bg5 Bg7 8.Qd2 h6
9.Bh4 Nh5 10.Nde2 g5 11.Bg3 Nc6 12.f3 Nxg3 13.Nxg3 e6 14.Nh5 Be5 15.Nd1 d5
16.exd5 Qxd5 17.c3 Qc5 18.Ne3 Bf4 19.Nxf4 gxf4 20.Nc2 Qe5+ 21.Be2 Rg8 22.
Rg1 Bd7 23.O-O-O O-O-O 24.Bd3 Qc7 25.Qf2 Ne5 26.Be2 Ba4 27.Rd4 Bxc2 28.
Kxc2 Nc6 29.Rc4 b5 30.Rc5 Qb6 31.Rf1 Kb7 32.b4 Rg5 33.Rxg5 hxg5 34.Qxb6+ 
Kxb6 35.Rd1 Rh8 36.h3 Ne5 37.Rd6+ Kb7 38.a4 Ra8 39.Kb3 Kc7 40.Rd1 bxa4+ 
41.Kxa4 Nc6 42.Kb3 a5 43.b5 Ne5 44.Rd4 Kb6 45.Rd6+ Kc5 46.Ra6 Rxa6 47.bxa6
Kb6 48.Bb5 Nc6 49.Bxc6 Kxc6 50.Ka4 Kb6 51.a7 Kxa7 52.Kxa5 Kb7 53.Kb5 Kc7 
54.Kc5 f5 55.c4 e5 56.Kd5 e4 57.fxe4 g4 58.hxg4 fxg4 59.Kd4 g3 60.Ke5 f3 
61.gxf3 g2 62.f4 g1=Q 63.f5 Kd7 64.Kf6 Qb6+ 65.Kf7 Qd4 66.f6 Qxc4+ 67.Kg7 
Ke6 68.e5 Qg4+ 69.Kh8 Kxe5 0-1

[Event "17th Africa-ch"]
[Site "Lagos NGR"]
[Date "2022.09.25"]
[Round "7"]
[White "Rakotomaharo, Fy Antenaina"]
[Black "Kabwe, Timothy"]
[Result "1-0"]
[WhiteElo "2492"]
[BlackElo "2206"]
[EventDate "2022.09.18"]
[PlyCount "147"]

1.e4 c6 2.d4 d5 3.e5 e6 4.Nf3 c5 5.c3 Nc6 6.Bd3 cxd4 7.cxd4 Bd7 8.O-O Qb6 
9.Nc3 Nxd4 10.Nxd4 Qxd4 11.Nb5 Qxe5 12.Re1 Qb8 13.Qf3 Bd6 14.Qxd5 Bxh2+ 
15.Kh1 a6 16.Qg5 Kf8 17.g3 Bxg3 18.fxg3 axb5 19.Bf4 Bc6+ 20.Be4 Qe8 21.
Bd6+ Ne7 22.Rac1 f6 23.Bxc6 bxc6 24.Qg4 Ra7 25.Re3 e5 26.Rxe5 Qf7 27.Re6 
Qg6 28.Qe2 Kg8 29.Rxe7 Rxe7 30.Bxe7 Kf7 31.Re1 Qf5 32.Bb4 h5 33.Qe7+ Kg6 
34.Qe4 Rd8 35.Kg2 Rd5 36.Qxf5+ Kxf5 37.Rc1 Kg4 38.Rxc6 Rd3 39.Be1 Re3 40.
Kf1 Re5 41.b3 Rf5+ 42.Kg2 Re5 43.Bf2 Re2 44.a4 bxa4 45.bxa4 Ra2 46.Rc4+ 
Kf5 47.Kf3 g5 48.Rc5+ Ke6 49.a5 f5 50.Bd4 Ra3+ 51.Kf2 Ra2+ 52.Ke3 Ra3+ 53.
Bc3 Kd6 54.Rc8 h4 55.gxh4 gxh4 56.Kd3 Ra4 57.Kc2 Rg4 58.Kb3 Kd7 59.Rh8 Kc6
60.a6 Kb6 61.Rh6+ Ka7 62.Bb4 Rg8 63.Bc5+ Ka8 64.Rxh4 Kb8 65.Rh7 Ka8 66.Kc4
f4 67.Ra7+ Kb8 68.Rf7 Ka8 69.Kb5 f3 70.Ra7+ Kb8 71.Rd7 Ka8 72.Bd6 f2 73.
Kb6 Rb8+ 74.Rb7 1-0

[Event "17th Africa-ch"]
[Site "Lagos NGR"]
[Date "2022.09.25"]
[Round "7"]
[White "Ortega, Amarelle Mariano"]
[Black "Gong, Thon Gong"]
[Result "1-0"]
[WhiteElo "2474"]
[BlackElo "2166"]
[EventDate "2022.09.18"]
[PlyCount "41"]

1.d4 Nf6 2.c4 e6 3.Nc3 Bb4 4.e3 b6 5.Ne2 Bb7 6.a3 Be7 7.d5 O-O 8.Ng3 a5 9.
Be2 Na6 10.O-O Re8 11.e4 e5 12.Nf5 Bf8 13.f4 Nc5 14.fxe5 Nfxe4 15.Nxe4 
Nxe4 16.Bd3 Nc5 17.Qg4 Kh8 18.Bg5 Qc8 19.Bc2 d6 20.Qh4 h6 21.Nxh6 1-0

[Event "17th Africa-ch"]
[Site "Lagos NGR"]
[Date "2022.09.25"]
[Round "7"]
[White "Lungu, Nase"]
[Black "Adebayo, Adegboyega Joel"]
[Result "1-0"]
[WhiteElo "2261"]
[BlackElo "2267"]
[EventDate "2022.09.18"]
[PlyCount "77"]

1.c4 e5 2.Nc3 Nc6 3.g3 Bc5 4.e3 a6 5.Nge2 d6 6.d4 Ba7 7.Bg2 Nge7 8.b4 O-O 
9.b5 axb5 10.cxb5 Na5 11.dxe5 dxe5 12.Ba3 Bd7 13.Nd5 Nxd5 14.Bxf8 Nxe3 15.
fxe3 Kxf8 16.Qd3 Qe8 17.Qa3+ Kg8 18.Qxa5 Bd4 19.Qd2 Bxa1 20.O-O Bxb5 21.
Rxa1 Bxe2 22.Qxe2 c6 23.Qb2 Qe7 24.Rb1 Qc5 25.Qxb7 Qxe3+ 26.Kh1 Rf8 27.
Bxc6 f5 28.Qb3+ Qxb3 29.axb3 Kf7 30.b4 Rb8 31.b5 Rb6 32.Kg2 g5 33.Rd1 h5 
34.Rd7+ Ke6 35.Rd8 f4 36.Rh8 h4 37.gxh4 g4 38.Rg8 Kf5 39.h5 1-0

[Event "17th Africa-ch"]
[Site "Lagos NGR"]
[Date "2022.09.25"]
[Round "7"]
[White "Zhemba, Jemusse"]
[Black "Solomon, Kenny"]
[Result "0-1"]
[WhiteElo "2232"]
[BlackElo "2356"]
[EventDate "2022.09.18"]
[PlyCount "92"]

1.e4 c5 2.Nc3 d6 3.g3 Nc6 4.Bg2 g6 5.d3 Bg7 6.Nge2 Nf6 7.h3 Rb8 8.Be3 O-O 
9.f4 Nd7 10.d4 cxd4 11.Nxd4 Qb6 12.Nd5 Qxb2 13.Rb1 Qa3 14.Nxc6 bxc6 15.
Rxb8 Nxb8 16.Nxe7+ Kh8 17.Kf2 Bd7 18.Bd4 d5 19.Qa1 f6 20.Qc3 Qxc3 21.Bxc3 
dxe4 22.Rb1 f5 23.Be5 Bxe5 24.fxe5 Re8 25.Rb7 Rxe7 26.Rxb8+ Be8 27.Ra8 Kg7
28.Ke3 Bf7 29.a4 c5 30.Bf1 c4 31.a5 Rxe5 32.Rxa7 Kf6 33.Be2 Rc5 34.c3 Be6 
35.h4 h6 36.h5 g5 37.a6 Ke5 38.Re7 f4+ 39.gxf4+ gxf4+ 40.Kf2 Kf5 41.Bf1 
e3+ 42.Kg1 Kf6 43.a7 Rg5+ 44.Kh2 Rxh5+ 45.Bh3 Rxh3+ 46.Kg2 f3+ 0-1

[Event "17th Africa-ch"]
[Site "Lagos NGR"]
[Date "2022.09.25"]
[Round "7"]
[White "Beukes, Dante M."]
[Black "Olape, Bunmi"]
[Result "1-0"]
[WhiteElo "2295"]
[BlackElo "2250"]
[EventDate "2022.09.18"]
[PlyCount "95"]

1.e4 e5 2.Nf3 Nf6 3.d4 Nxe4 4.Bd3 d5 5.Nxe5 Bd6 6.O-O O-O 7.c4 c6 8.Nc3 
Nxc3 9.bxc3 Nd7 10.f4 Nf6 11.c5 Be7 12.f5 Ne4 13.Bxe4 dxe4 14.Qh5 Qd5 15.
Be3 g6 16.fxg6 fxg6 17.Qh6 Qe6 18.Rxf8+ Bxf8 19.Qh4 Bd7 20.Rf1 Be7 21.Bg5 
Bxg5 22.Qxg5 Re8 23.Qh6 Bc8 24.h4 e3 25.Qxe3 Rf8 26.Rxf8+ Kxf8 27.Qh6+ Kg8
28.h5 gxh5 29.Qxh5 Kg7 30.Qg5+ Kf8 31.Qd8+ Kg7 32.Qd6 Qf5 33.Qe7+ Kg8 34.
a4 Qb1+ 35.Kh2 Qf5 36.Qh4 Be6 37.a5 a6 38.Kg3 Qf8 39.Qg5+ Kh8 40.Kh2 Bc8 
41.Nc4 h6 42.Qe5+ Kh7 43.Nd6 Qd8 44.Qf4 h5 45.Nf7 Qxa5 46.Qh6+ Kg8 47.Qg6+
Kf8 48.Nd6 1-0

[Event "17th Africa-ch"]
[Site "Lagos NGR"]
[Date "2022.09.25"]
[Round "7"]
[White "Okeke, Isaac Chukwudalu"]
[Black "Ajibola, Olanrewaju"]
[Result "1-0"]
[WhiteElo "2180"]
[BlackElo "2285"]
[EventDate "2022.09.18"]
[PlyCount "123"]

1.e4 e5 2.Nf3 Nf6 3.Nxe5 d6 4.Nf3 Nxe4 5.d4 Be7 6.Bd3 d5 7.O-O O-O 8.c4 
Nf6 9.Qb3 Nc6 10.c5 Ne4 11.Nc3 Nxc3 12.bxc3 b6 13.Qc2 g6 14.Bh6 Re8 15.Bb5
Bd7 16.Qa4 a6 17.Bxc6 b5 18.Qd1 Bxc6 19.Ne5 Bb7 20.Qf3 f6 21.Ng4 Bc8 22.
Rfe1 Bf5 23.Bf4 Bxg4 24.Qxg4 f5 25.Qg3 c6 26.Re6 Bf6 27.Bc7 Rxe6 28.Bxd8 
Rxd8 29.Qc7 Rde8 30.g3 b4 31.cxb4 Bxd4 32.Rd1 Bc3 33.a3 h5 34.Kg2 g5 35.
Qb7 Bf6 36.Qxa6 d4 37.Qc4 Kg7 38.a4 h4 39.b5 Re4 40.bxc6 g4 41.gxh4 f4 42.
Kf1 f3 43.c7 R4e7 44.h5 Rxc7 45.Qd3 Rf8 46.Qg6+ Kh8 47.Qxg4 Rxc5 48.Qxf3 
Bg7 49.Qe2 Re5 50.h6 Bf6 51.Qf3 Ree8 52.Qg4 Rd8 53.Rd3 Rg8 54.Qf5 Rd6 55.
Rf3 Rg5 56.Qc8+ Rg8 57.Qc7 Be5 58.Qe7 Bxh2 59.h7 Rgd8 60.Rf6 d3 61.Rxd6 
Rxd6 62.Qf7 1-0

[Event "17th Africa-ch"]
[Site "Lagos NGR"]
[Date "2022.09.25"]
[Round "7"]
[White "Paiva, Donaldo"]
[Black "Kigigha, Bomo Lovet"]
[Result "0-1"]
[WhiteElo "2207"]
[BlackElo "2196"]
[EventDate "2022.09.18"]
[PlyCount "48"]

1.d4 d5 2.c4 e6 3.Nf3 Nf6 4.Nc3 Be7 5.Bf4 a6 6.c5 b6 7.cxb6 cxb6 8.e3 O-O 
9.Bd3 Bb7 10.Ne5 Nbd7 11.Qf3 Nxe5 12.Bxe5 Rc8 13.Qh3 g6 14.Qh6 Re8 15.Qf4 
Nd7 16.Bd6 Bf6 17.O-O e5 18.dxe5 Nxe5 19.Bxe5 Bxe5 20.Qb4 d4 21.exd4 Bxd4 
22.Rad1 Qg5 23.g3 Qg4 24.Bc4 Rxc4 0-1

[Event "17th Africa-ch"]
[Site "Lagos NGR"]
[Date "2022.09.25"]
[Round "7"]
[White "Phiri, Richmond"]
[Black "Emmanuel, Joy Idara"]
[Result "0-1"]
[WhiteElo "2351"]
[BlackElo "2116"]
[EventDate "2022.09.18"]
[PlyCount "133"]

1.d4 Nf6 2.Nf3 g6 3.c4 Bg7 4.Nc3 O-O 5.Bg5 c5 6.e3 cxd4 7.exd4 d5 8.Bxf6 
Bxf6 9.cxd5 Bg4 10.Be2 Qb6 11.Rb1 Bxf3 12.Bxf3 Bxd4 13.O-O Nd7 14.Qa4 Rfd8
15.Rbd1 Be5 16.Rd2 Qf6 17.Ne2 Nb6 18.Qb3 Rac8 19.Ng3 h5 20.Ne4 Qf5 21.Rfd1
Rc4 22.Ng3 Qf4 23.Nf1 Rb4 24.Qa3 a5 25.b3 Bd6 26.Qc1 h4 27.h3 a4 28.bxa4 
Ra8 29.Rc2 Qf6 30.Ne3 Raxa4 31.Ng4 Qf4 32.Qxf4 Bxf4 33.Ne3 Ra3 34.Re2 Bxe3
35.fxe3 Na4 36.d6 exd6 37.Rxd6 Rb1+ 38.Kf2 Nc3 39.Rc2 Nxa2 40.Rd7 Nb4 41.
Rc8+ Kg7 42.Bxb7 Nd3+ 43.Rxd3 Rxd3 44.Rc7 Rb2+ 45.Kf3 Rbb3 46.Kf2 Rdc3 47.
Rd7 Rb2+ 48.Kf3 Rbc2 49.Ba6 Rc6 50.Bb7 Rc7 51.Rxc7 Rxc7 52.Bd5 Kf6 53.Kg4 
g5 54.g3 Ke5 55.Ba8 hxg3 56.Kxg3 Rc4 57.Bf3 f5 58.Bb7 Rc3 59.Kf2 f4 60.
exf4+ Kxf4 61.Bg2 Rc2+ 62.Kf1 Kg3 63.Be4 Rc4 64.Bd5 Rf4+ 65.Ke2 Kxh3 66.
Ke3 Rf8 67.Kd4 0-1

[Event "17th Africa-ch"]
[Site "Lagos NGR"]
[Date "2022.09.25"]
[Round "7"]
[White "Abdulraheem, Abdulrahman Akintoye"]
[Black "Manyang, Peter Majur"]
[Result "1-0"]
[WhiteElo "2277"]
[BlackElo "2111"]
[EventDate "2022.09.18"]
[PlyCount "57"]

1.Nf3 Nf6 2.d4 d5 3.c4 e6 4.g3 Be7 5.Bg2 O-O 6.O-O dxc4 7.Qc2 c5 8.dxc5 
Qa5 9.Na3 Qxc5 10.Be3 Qh5 11.Nxc4 Nc6 12.Bf4 Rd8 13.Nce5 Nxe5 14.Nxe5 Nd5 
15.Bf3 Qh3 16.Bg4 Nxf4 17.Bxh3 Nxh3+ 18.Kg2 Ng5 19.h4 f6 20.hxg5 fxe5 21.
Rh1 g6 22.Qc7 Bd7 23.Qxe5 Bd6 24.Qe3 Rac8 25.Rac1 Rc6 26.Rxc6 Bxc6+ 27.f3 
Bd5 28.Rd1 Be7 29.Rxd5 1-0

[Event "17th Africa-ch"]
[Site "Lagos NGR"]
[Date "2022.09.25"]
[Round "7"]
[White "De Gondo, Simplice Armel"]
[Black "John, Henry"]
[Result "1-0"]
[WhiteElo "2119"]
[BlackElo "2245"]
[EventDate "2022.09.18"]
[PlyCount "92"]

1.d4 Nf6 2.c4 g6 3.Nc3 Bg7 4.e4 d6 5.f3 O-O 6.Be3 Nc6 7.Nge2 e5 8.d5 Ne7 
9.g4 Ne8 10.Ng3 f5 11.gxf5 gxf5 12.Nh5 f4 13.Bf2 Ng6 14.Nxg7 Nxg7 15.Qe2 
c5 16.dxc6 bxc6 17.O-O-O Qe7 18.Qd2 Rd8 19.c5 Be6 20.cxd6 Qf7 21.Kb1 Rab8 
22.Rc1 a5 23.Ba6 Rd7 24.Rhd1 Ne8 25.Bc5 Rbd8 26.Qg2 Nxd6 27.h4 Kh8 28.h5 
Ne7 29.Qg5 Qg7 30.Qh4 Ng8 31.Rg1 Qe7 32.Qxe7 Nxe7 33.Bxd6 Rxd6 34.Rg5 Rg8 
35.Rxe5 Rg2 36.Rd1 Rxd1+ 37.Nxd1 Rd2 38.Rxe6 Rxd1+ 39.Kc2 Rd7 40.Rf6 Kg7 
41.Rxf4 Rd6 42.Bc4 Rf6 43.Rxf6 Kxf6 44.f4 c5 45.Kc3 Nc6 46.Be2 Ke7 1-0

[Event "17th Africa-ch"]
[Site "Lagos NGR"]
[Date "2022.09.25"]
[Round "7"]
[White "Balogun, Oluwafemi Daniel"]
[Black "Onovughe, Ochuko Emmanuel"]
[Result "1-0"]
[WhiteElo "2240"]
[BlackElo "2087"]
[EventDate "2022.09.18"]
[PlyCount "87"]

1.e4 c5 2.Nf3 Nc6 3.d4 cxd4 4.Nxd4 e5 5.Nb5 d6 6.c4 a6 7.N5c3 f5 8.Be2 Nf6
9.Bg5 Nd4 10.O-O Be7 11.Bxf6 Bxf6 12.Nd2 O-O 13.Nb3 Be6 14.exf5 Nxe2+ 15.
Qxe2 Bxf5 16.Rad1 Be6 17.Nc5 Qe7 18.Nxe6 Qxe6 19.Nd5 Rac8 20.b3 Rc5 21.Qe4
b5 22.cxb5 axb5 23.Rd3 Bd8 24.Rfd1 Qc8 25.Rf3 Rxf3 26.Qxf3 Rc1 27.g3 Rxd1+
28.Qxd1 Qc5 29.a4 bxa4 30.bxa4 Qc4 31.h4 g6 32.Ne3 Qb4 33.Qd5+ Kg7 34.Qc6 
Bb6 35.Qd7+ Kf8 36.Qc8+ Kg7 37.Qb7+ Kf8 38.Kg2 Qd4 39.a5 Bc5 40.Qf3+ Kg7 
41.h5 Qd3 42.h6+ Kg8 43.Qb7 Kf8 44.Nd5 1-0

[Event "17th Africa-ch"]
[Site "Lagos NGR"]
[Date "2022.09.25"]
[Round "7"]
[White "Okemakinde, Toluwanimi"]
[Black "Aikhoje, Odion"]
[Result "0-1"]
[WhiteElo "2083"]
[BlackElo "2239"]
[EventDate "2022.09.18"]
[PlyCount "64"]

1.e4 Nf6 2.e5 Nd5 3.Nc3 e6 4.Ne4 f5 5.exf6 Nxf6 6.Nxf6+ Qxf6 7.d4 Nc6 8.
Nf3 Bd6 9.Bg5 Qf7 10.Bd3 O-O 11.Bh4 Qh5 12.Bg3 Bxg3 13.fxg3 Nb4 14.O-O d6 
15.Qd2 Nxd3 16.Qxd3 Bd7 17.Rae1 Rf6 18.Qb3 b6 19.Re3 h6 20.Rfe1 Bc6 21.Nd2
Raf8 22.Qc4 Bxg2 23.Qe2 Qxe2 24.R3xe2 Bh3 25.Re4 g5 26.c3 R8f7 27.b3 Kf8 
28.c4 c5 29.dxc5 bxc5 30.a3 a5 31.a4 Ke7 32.g4 Kd7 0-1

[Event "17th Africa-ch"]
[Site "Lagos NGR"]
[Date "2022.09.25"]
[Round "7"]
[White "Adu, Oladapo"]
[Black "Mulenga, Prince Daniel"]
[Result "0-1"]
[WhiteElo "2026"]
[BlackElo "2171"]
[EventDate "2022.09.18"]
[PlyCount "62"]

1.e4 c5 2.Nf3 Nc6 3.Bb5 g6 4.O-O Bg7 5.c3 Nf6 6.Re1 O-O 7.d4 cxd4 8.cxd4 
d6 9.h3 a6 10.Bf1 e5 11.Nc3 h6 12.Be3 b5 13.a3 Bb7 14.b4 Rc8 15.Rc1 exd4 
16.Nxd4 Ne5 17.f3 d5 18.Nxd5 Bxd5 19.Rxc8 Qxc8 20.exd5 Nxd5 21.Bf2 Rd8 22.
Qc1 Nc3 23.Nb3 Nc4 24.Nc5 Nd2 25.Bd3 Nb3 26.Qc2 Nxc5 27.Bxc5 Na4 28.Be3 
Qc3 29.Rd1 Nb2 30.Qxc3 Bxc3 31.Rc1 Rxd3 0-1

[Event "17th Africa-ch"]
[Site "Lagos NGR"]
[Date "2022.09.25"]
[Round "7"]
[White "Lapite, Oluwadurotimi"]
[Black "Lesbros, Bernard"]
[Result "1-0"]
[WhiteElo "2136"]
[BlackElo "1884"]
[EventDate "2022.09.18"]
[PlyCount "59"]

1.Nf3 c5 2.c4 g6 3.d4 cxd4 4.Nxd4 Bg7 5.e4 Nf6 6.Nc3 Nc6 7.Nc2 d6 8.Be2 
O-O 9.Be3 a5 10.Na3 a4 11.O-O Qa5 12.Nab5 Ne5 13.Bd2 Be6 14.Nd5 Qd8 15.
Nxf6+ Bxf6 16.Rc1 Qd7 17.b3 axb3 18.axb3 Ra2 19.Bc3 Bg7 20.Rc2 Rfa8 21.Qb1
Rxc2 22.Qxc2 Qc8 23.Qb2 Bd7 24.f4 Bxb5 25.fxe5 Bd7 26.e6 Qc5+ 27.Kh1 Bxc3 
28.exf7+ Kf8 29.Qxc3 e5 30.Qf3 1-0

[Event "17th Africa-ch"]
[Site "Lagos NGR"]
[Date "2022.09.25"]
[Round "7"]
[White "Rehan, Deng Cypriano"]
[Black "Ebosse, Kingue Victor Patrick"]
[Result "1-0"]
[WhiteElo "2145"]
[BlackElo "2075"]
[EventDate "2022.09.18"]
[PlyCount "81"]

1.c4 Nf6 2.g3 g6 3.Bg2 Bg7 4.d4 d6 5.Nf3 O-O 6.Nc3 Nc6 7.O-O a6 8.Bf4 Rb8 
9.Qd2 Bf5 10.Bh6 Re8 11.Bxg7 Kxg7 12.Nh4 Bd7 13.d5 Ne5 14.b3 b5 15.f4 Neg4
16.h3 Nh6 17.e4 bxc4 18.bxc4 e5 19.f5 Nh5 20.Rf3 Ng8 21.Raf1 Rf8 22.R1f2 
Qe7 23.Bf1 h6 24.Ng2 gxf5 25.exf5 Qg5 26.Qxg5+ hxg5 27.Ne4 Kh6 28.Ne3 f6 
29.h4 g4 30.Nxg4+ Kh7 31.Ra3 Ne7 32.Ne3 Rb6 33.Be2 Ng7 34.g4 c6 35.Kg2 Ne8
36.Bd3 cxd5 37.cxd5 Bb5 38.Rc2 Bxd3 39.Rac3 Bxc2 40.Rxc2 Rb5 41.Kf3 1-0

[Event "17th Africa-ch"]
[Site "Lagos NGR"]
[Date "2022.09.25"]
[Round "7"]
[White "Amega-Dzaka, Komi Nukunu"]
[Black "Etukakpan, Leonard"]
[Result "0-1"]
[WhiteElo "1621"]
[BlackElo "2113"]
[EventDate "2022.09.18"]
[PlyCount "68"]

1.d4 Nf6 2.Nf3 e6 3.Bf4 b6 4.e3 Bb7 5.Bd3 Be7 6.Nbd2 d5 7.c3 Nbd7 8.O-O 
O-O 9.Ne5 c5 10.Rc1 Rc8 11.Ndf3 Ne4 12.Nxd7 Qxd7 13.Ne5 Qe8 14.Bxe4 dxe4 
15.dxc5 Bxc5 16.Qd7 Qe7 17.Rfd1 Rfd8 18.Qxe7 Bxe7 19.h3 f6 20.Ng4 e5 21.
Bg3 Ba6 22.Nh2 Be2 23.Rxd8+ Rxd8 24.Nf1 a5 25.Rc2 Bc4 26.b3 Bd3 27.Rd2 Rc8
28.f4 exf4 29.exf4 Rxc3 30.Ne3 Bc5 31.Bf2 Rc1+ 32.Kh2 Ra1 33.Nc2 Rxa2 34.
Bxc5 bxc5 0-1

[Event "17th Africa-ch"]
[Site "Lagos NGR"]
[Date "2022.09.25"]
[Round "7"]
[White "Amako, Marc Arnold"]
[Black "Onokpite, Kennedy"]
[Result "0-1"]
[WhiteElo "1555"]
[BlackElo "2095"]
[EventDate "2022.09.18"]
[PlyCount "81"]

1.e4 d6 2.d4 Nf6 3.Nc3 c6 4.f4 Qa5 5.Bd3 e5 6.Nf3 exd4 7.Nxd4 g6 8.O-O Bg7
9.e5 dxe5 10.fxe5 Ng4 11.Bf4 O-O 12.Be2 Nxe5 13.Nb3 Qb6+ 14.Kh1 Bf5 15.Rc1
Nbd7 16.Nd4 Be6 17.Nxe6 fxe6 18.Qd6 Qxb2 19.Qxe6+ Kh8 20.Nd1 Qa3 21.Rb1 
Rae8 22.Qb3 Qxb3 23.Rxb3 Nc5 24.Bxe5 Rxf1+ 25.Bxf1 Nxb3 26.Bxg7+ Kxg7 27.
axb3 Re1 28.Ne3 Rxe3 29.Kg1 Kf6 30.Kf2 Re7 31.Kf3 Ke5 32.Bd3 Kd4 33.Kf2 
Kc3 34.h4 a5 35.g4 b5 36.Kf3 a4 37.bxa4 bxa4 38.Kf4 a3 39.Kg5 a2 40.Kf6 
Ra7 41.h5 0-1

[Event "17th Africa-ch"]
[Site "Lagos NGR"]
[Date "2022.09.25"]
[Round "7"]
[White "Apollos, Akomaka"]
[Black "Barcon, Harmon"]
[Result "0-1"]
[WhiteElo "1909"]
[BlackElo "1951"]
[EventDate "2022.09.18"]
[PlyCount "94"]

1.e4 e5 2.Nf3 d6 3.d4 Nf6 4.dxe5 Nxe4 5.Bc4 c6 6.O-O d5 7.Bb3 Nc5 8.h3 Be7
9.Be3 Be6 10.Bxc5 Bxc5 11.c3 O-O 12.Bc2 Nd7 13.Nbd2 Re8 14.Nb3 Bb6 15.Nbd4
Nf8 16.Qd2 Bd7 17.Rae1 Qc8 18.Qf4 g6 19.Ng5 Re7 20.Re3 c5 21.Rf3 Qe8 22.
Nf5 gxf5 23.Bxf5 Ng6 24.Bxg6 fxg6 25.Re1 Bc7 26.Qh4 Bf5 27.g4 Be4 28.Rf6 
Rg7 29.e6 Bd8 30.Nf7 h5 31.f3 Bxf3 32.Re3 Be4 33.Nh6+ Kh7 34.gxh5 Bxf6 35.
Qxf6 gxh5+ 36.Kf2 Qg6 37.Qxg6+ Rxg6 38.Nf7 Kg7 39.Nd6 Rf8+ 40.Ke1 Rxe6 41.
Nxb7 Rc8 42.Na5 Ra6 43.b4 cxb4 44.cxb4 Rc2 45.a3 Rg6 46.Kd1 Rg1+ 47.Re1 
Rgg2 0-1